Mexico (Record no. 6075)

MARC details
000 -CABECERA
campo de control de longitud fija 00795nam a2200253 a 4500
001 - NÚMERO DE CONTROL
campo de control BRCA_6389
005 - FECHA Y HORA DE LA ÚLTIMA TRANSACCIÓN
campo de control 20190320205433.0
008 - DATOS DE LONGITUD FIJA--INFORMACIÓN GENERAL
campo de control de longitud fija 020911s189u----enkab#####---#000-0#eng-#
041 ## - CÓDIGO DE LENGUA
Código de lengua del texto/banda sonora o título independiente eng
044 ## - CÓDIGO DEL PAÍS DE LA ENTIDAD EDITORA/PRODUCTORA
Código MARC del país enk
050 #4 - SIGNATURA TOPOGRÁFICA DE LA BIBLIOTECA DEL CONGRESO
Número de clasificación F1226
Número de documento/Ítem .H16 1890
100 1# - ENTRADA PRINCIPAL--NOMBRE DE PERSONA
Nombre de persona Hale, Susan
Fechas asociadas al nombre 1833-1910
9 (RLIN) 15983
245 10 - MENCIÓN DE TÍTULO
Título Mexico
Mención de responsabilidad, etc. by Susan Hale.
260 ## - PUBLICACIÓN, DISTRIBUCIÓN, ETC.
Lugar de publicación, distribución, etc. Londres
Nombre del editor, distribuidor, etc. T. Fisher Unwin
Fecha de publicación, distribución, etc. 3ª imp. [189-?]
300 ## - DESCRIPCIÓN FÍSICA
Extensión xx, 428 p.
Otras características físicas il., 1 mapa plegable a color
Dimensiones 21 cm.
440 #0 - MENCIÓN DE SERIE/PUNTO DE ACCESO ADICIONAL--TÍTULO
Título The Story of the Nations
Designación de volumen o secuencia 27
9 (RLIN) 15984
500 ## - NOTA GENERAL
Nota general Incluye lista de ilustraciones e índice alfabético
500 ## - NOTA GENERAL
Nota general Titulo de cubierta: The Story of the Nations
500 ## - NOTA GENERAL
Nota general En el inventario de Banco de México esta como CEF75
500 ## - NOTA GENERAL
Nota general CEF75a
651 #4 - PUNTO DE ACCESO ADICIONAL DE MATERIA--NOMBRE GEOGRÁFICO
Nombre geográfico México
Subdivisión general Historia
9 (RLIN) 614
902 ## - CATALOGADOR
Iniciales GFM
942 ## - ELEMENTOS DE PUNTO DE ACCESO ADICIONAL (KOHA)
Fuente del sistema de clasificación o colocación Library of Congress Classification
Tipo de ítem Koha Libros
Holdings
Estado de retiro Estado de pérdida Estado dañado No para préstamo Localización permanente Ubicación/localización actual Fecha de adquisición Número de inventario Total de préstamos Signatura topográfica completa Código de barras Fecha visto por última vez Precio válido a partir de Tipo de ítem Koha
El ejemplar forma parte de la colección y puede ser consultado según las políticas vigentes.       Biblioteca del Museo Franz Mayer (Rogerio Casas-Alatriste) Biblioteca del Museo Franz Mayer (Rogerio Casas-Alatriste) 02/09/2011 CEF75a   F1226 .H16 1890 (CEF75a) 6836 22/03/2019 22/03/2019 Libros